000 00516nam a2200193Ia 4500
005 20250524121140.0
008 250326s9999 xx 000 0 und d
020 _a9781071814390
_qpbk
041 _aeng
082 _a327
_bSTR
100 _aStraus Scott
245 0 _aInternational Studies
250 _a2nd edition
260 _bSage Publications
_c2022
_anew delhi
300 _a520 pages
_b23 cm
504 _aindex
650 _aintergovernmental organizations; sites of global governance
942 _cREF
999 _c569793
_d569793